Statistics for Best University by Country Quiz

Click here to take the quiz!

General Stats

  • This quiz has been taken 1,076 times
    (1,002 since last reset)
  • The average score is 8 of 25

Answer Stats

World
Ranking
CountryUniversity% Correct
2United KingdomCambridge
92%
1United StatesMIT
78%
30JapanTokyo
52%
28SingaporeNational University of Singapore
46%
37South KoreaSeoul
45%
51DenmarkCopenhagen
41%
62NetherlandsAmsterdam
40%
18CanadaMcGill
40%
111NorwayOslo
38%
78FinlandHelsinki
36%
146MexicoUniversidad Nacional Autonoma de Mexico (UNAM)
32%
83New ZealandAuckland
30%
23ChinaHong Kong
29%
53GermanyTechnische Universitaet Muenchen
29%
154South AfricaCape Town
29%
140IsraelHebrew University of Jerusalem
26%
139BrazilSao Paulo
25%
13SwitzerlandETH Zurich
21%
24AustraliaAustralian National University
19%
80TaiwanNational Taiwan University
18%
67IrelandTrinity College Dublin
18%
194ItalyBologna
14%
82BelgiumKU Leuven
9%
71SwedenLund
9%
34FranceÉcole Normale Supérieure
8%

Score Distribution

Percentile by Number Answered

Percent of People with Each Score

Your Score History

You have not taken this quiz since the last reset